Využitie nástrojov environmentálnej politiky v podniku Marius Pedersen, a.s.

Salvato in:
Dettagli Bibliografici
Autore principale: Adame, Andrej (Autore)
Altri autori: Součková, Ingrid (Relatore della tesi)
Natura: Manoscritto Libro
Lingua:slovacco
Pubblicazione: 2018
Soggetti:
Accesso online:http://is.stuba.sk/zp/portal_zp.pl?podrobnosti=133306
Tags: Aggiungi Tag
Nessun Tag, puoi essere il primo ad aggiungerne!!

MARC

LEADER 00000ntm a22000003a 4500
001 stuzp70158
003 SK-STU
005 20180820161947.0
007 ta
008 150427s2015----xo-----f-mn---000-0-slo-d
040 |a STU  |b slo 
041 0 |a slo 
100 1 |a Adame, Andrej  |u 020070  |4 aut  |U SjF Strojnícka fakulta  |T SjF Ústav výrobných systémov, enviromentálnej techniky a manažment kvality  |X 81348  |U J0070  |Y 804  |7 81348 
242 0 1 |a Use of environmental policy instruments in the company Marius Pedersen, a.s.  |y eng 
245 1 0 |a Využitie nástrojov environmentálnej politiky v podniku Marius Pedersen, a.s. 
260 |c 2018 
650 4 |a životné prostredie  |2 slo 
650 4 |a environmentálna politika  |2 slo 
650 4 |a zhodnocovanie odpadov  |2 slo 
650 4 |a waste evaluation  |2 eng 
650 4 |a environment  |2 eng 
650 4 |a environmental policy  |2 eng 
700 1 |a Součková, Ingrid  |u 020070  |k Z1  |4 ths  |U SjF Strojnícka fakulta  |T SjF Ústav výrobných systémov, enviromentálnej techniky a manažment kvality  |X 2364  |U J0070  |Y 804  |7 A000002364 
856 4 |u http://is.stuba.sk/zp/portal_zp.pl?podrobnosti=133306 
996 |b 284J045484  |c J* 2844/DBP  |l JJSK  |s A  |a 24  |w stuzp70158_0001